• 首页
  • 本馆介绍
  • 公告通知
  • 最新文献
  • 馆藏检索
  • 电子资源
  • 读者导购
  • 参考咨询
  • 我的图书馆
  • 登录
  • 详细信息显示
  • 放入我的书架
  • 预约/预借图书
  • 作者相关作品
  • 分类相关作品
  • 丛书相关作品
  • 出版社相关作品

书目信息

  • 表格格式
  • 工作单格式
  • 卡片格式
题名:
变分学讲义
    
 
作者: 张恭庆 编著
分册:  
出版信息: 北京   高等教育出版社  2011.6
页数: 319页
开本: 24cm
丛书名:
单 册:
中图分类: O176
科图分类:
主题词: 变分学--高等学校--教材
电子资源:
ISBN: 978-7-04-031958-3
000 00861nam0 2200241 45
001 516
005 20120604093017.67
010    @a978-7-04-031958-3@dCNY49.00
100    @a20120328d2011 em y0chiy50 ea
101 0  @achi
102    @aCN@b110000
105    @ay z 000yy
106    @ar
200 1  @a变分学讲义@ABian Fen Xue Jiang Yi@b专著@f张恭庆编著@FZhang Gong Qing Bian Zhu
210    @a北京@c高等教育出版社@d2011.6
215    @a319页@d24cm
300    @a现代数学基础 24
330    @a本书是作者在北京大学为高年级本科生和低年级研究生开设“变分学”课程所用的讲义。全书共二十讲,分为三大部分:第一部分是经典变分学的基本内容,第二部分重点介绍直接方法及其理论基础,第三部分是专题选讲。
606 0  @a变分学@x高等学校@j教材
690    @aO176@v4
701  0 @a张恭庆@AZhang Gong Qing@4编著
801  0 @aCN@bTSTCL@c20120328
905    @b0813615-21@dO176@e79@f7
    
    变分学讲义/张恭庆编著.-北京:高等教育出版社,2011.6
    319页;24cm
    现代数学基础 24
    
    ISBN 978-7-04-031958-3:CNY49.00
    本书是作者在北京大学为高年级本科生和低年级研究生开设“变分学”课程所用的讲义。全书共二十讲,分为三大部分:第一部分是经典变分学的基本内容,第二部分重点介绍直接方法及其理论基础,第三部分是专题选讲。
●
相关链接 在E读中查询图书 在五车中查询图书 在当当中查询图书 在豆瓣中查询图书


正题名:变分学讲义     索取号:O176/79         预约/预借

序号 登录号 条形码 馆藏地/架位号 状态 备注
1 0813615   208136159   第二样本阅览室/ [索取号:O176/79] 在馆    
2 0813616   208136168   第三借阅区/ [索取号:O176/79] 在馆    
3 0813617   208136177   第三借阅区/ [索取号:O176/79] 在馆    
4 0813618   208136186   第三借阅区/ [索取号:O176/79] 在馆    
5 0813619   208136195   第三借阅区/ [索取号:O176/79] 在馆    
6 0813620   208136202   第三借阅区/ [索取号:O176/79] 在馆    
7 0813621   208136211   第三借阅区/ [索取号:O176/79] 已借出,限还日期为2026.05.17
借出人:方浩  
 
唐山师范学院图书馆 欢迎您!
大连网信软件有限公司© 版权所有